000 00818nam a2200241Ia 4500
003 GCL
008 140319s9999 xx 000 0 ara d
020 _a0287287977
040 _aGCL /
_cGCL
082 0 4 _a005.8
_bح ح
100 1 _aحسام شوقى
245 1 0 _aحماية وامن المعلومات على الانترنت /
_cحسام شوقى
250 _aالاولى
260 _aالقاهرة :
_bدار الكتب العلمية للنشر والتوزيع ،
_c2003
300 _a224 ص ؛
_c24 سم
490 _a
650 0 4 _aالحاسبات الالكترونية
650 0 4 _aشبكات المعلومات
650 0 4 _aتكنولوجيا المعلومات
650 0 4 _aالإنترنت
650 0 4 _aالحاسبات الالكترونية - فيروسات
942 _2ddc
_cBK
999 _c29537
_d29537